Pavlova chronológia

Bibliographic Details
Main Author: Fabris, Rinaldo, 1936-2015 (Author)
Other Authors: Trstenský, František, 1973- (Translator)
Format: Article
Language:Slovak
Italian
ISSN:1337-6535
Subjects:

MARC

LEADER 00000nab a2200000 a 4500
001 vtls009949528
003 SK-MaSNL
005 20260304153222.0
008 250506c2009 xo mr|p|||||||000 b|slo
015 |a SNBRB2009/09  |2 snkbucl 
035 |a (sysno)vtls009949528 
035 |a urn:nbn:sk:snk-ab751z 
035 |a (uuid)750ab4ef-bc6a-4e7f-9d26-fd13fa965027 
035 |a (urnnbn)urn:nbn:sk:snk:ar-a06vhl 
038 |a SNKBUCL 
040 |a SNKBUCL  |b slo  |c SNKBUCL  |e AACR2 
041 1 |a slo  |h ita 
044 |a xo  |c SK 
080 |a 27-312.55  |2 2001 
100 1 |a Fabris, Rinaldo,  |d 1936-2015  |4 aut  |9 909181 
245 1 0 |a Pavlova chronológia  |c Rinaldo Fabris; preložil František Trstenský 
504 |a Bibliogr. odkazy 
600 0 7 |a Pavol,  |c apoštol, sv.,  |d asi 10 - asi 67  |2 snkbucl  |9 477100 
650 0 7 |a Pavlova chronológia  |2 snkbucl  |9 1476278 
700 1 |a Trstenský, František,  |d 1973-  |4 trl  |9 117218 
773 0 |t Nové horizonty  |g Roč. III, č. 1 (2009), s. 4-6  |x 1337-6535 
850 |a Slovenská národná knižnica 
852 |a Slovenská národná knižnica 
954 |a odborná, vedecká literatúra cudzojazyčná (svetová)  |2 lita 
958 |a article27 
958 |a OND 
958 |a NT 
958 |a NB 
958 |a EUIPO 
999 |c 2952921  |d 2954851